แสดงรายละเอียดบรรณานุกรม
  กลับหน้าหลัก

Brief Record : Get Marc (ISO 2709) : E-mail record : QR code ปิดหน้าต่าง
E-books : เกี่ยวกับ Collections
LEADER 00000nam 2200000uu 4500
001    206319
003     ULIBM
008    110828s2552||||th 000 0 tha d
024    978-974-414-109-5
060  0 HD 50 บ214ท 2552.
100 0  ^aบราวน์, โทมัส แอล.
245 00 ^aเทคนิคการมอบหมายงาน = Delegating work./^bโดย Thomas L. Brown ; ผู้แปล : นิติ มโนตั้งวรพันธุ์.
250    ^aพิมพ์ครั้งที่ 1.
260    ^aกรุงเทพฯ :^bเอ็กเปอร์เน็ต,^c2552.
300    ^aจำนวน 116 หน้า.
650  0 ^aการมอบอำนาจหน้าที่.
650  0 ^aการนิเทศลูกจ้าง.
650  0 ^aการบริหารงานบุคคล.
700 0  ^aBrown, Thomas L.
700 0  ^aนิติ มโนตั้งวรพันธุ์, ผู้แปล.
999    ^aใช้งานได้ทุกระบบ
รายการนี้ยังไม่มีแท็ก
คุณยังไม่ได้ล็อกอิน คุณสามารถมีกิจกรรมร่วมกับเว็บไซต์ได้ แต่ต้องล็อกอินก่อน ::
  ล็อกอิน
ลำดับที่ ประเภท เลขเรียก สถานที่ สถานะ
1. หนังสือทั่วไป
หนังสือทั่วไป
สถานะ=หนังสือเก่า - บริการ ณ ห้องสมุด (ห้องเหลือง)
HD 50 บ214ท 2552 ฉ.2 
  
หนังสือทั่วไป On Shelf
  ขอยืม
2. หนังสือทั่วไป
หนังสือทั่วไป
สถานะ=หนังสือเก่า - บริการ ณ ห้องสมุด (ห้องเหลือง)
HD 50 บ214ท 2552 ฉ.3 
  
หนังสือทั่วไป On Shelf
  ขอยืม
   [แสดง 2/2 รายการ]

รายการใกล้เคียง
    หัวเรื่อง [การบริหารงานบุคคล.]

BibComment


ยังไม่เคยถูกคอมเมนท์

คอมเมนท์ทรัพยากรรายการนี้
  คอมเมนท์: เทคนิคการมอบหมาย..
Bib 206319

 
 
 

 Union Library Management : ULibM
Copyright 2026. All Rights Reserved.
скачать бесплатно без регистрации порно красивый секс HD Sex Hindi sex

xxx gou

xxxx

bfxxx

xxxwww

Секса Видео

xxxx

Секса Видео

detube

geilexxx

C99 Shell

worms shell

blod xxx video
Ebony Coed Rihanna Rimes Takes A Dick In Her Young Twat priyaa indian fuck anal and pusssy hardcore indian women xxx desi hardcore fucking part 1 bengalixxxcouple